000 01695 am a2200517 a 4500
005 20240517124237.0
008 100412s1988||||mx a |||||||||||||spa d
020 _a9686199195
041 _aspa
092 _c611.018
_l13
_sCOR
100 1 _aCormack, David H.
_9277
245 _aHistología de HAM /
_cDavid H. Cormack.
250 _a9a ed.
_bTraducción José Rafael Blengio Pinto; Jorge Blanco Correa y Magallanes y Martha Catolleja Mendieta.
260 _aMéxico:
_bHarla;
_c1988.
300 _a892 p.
500 _aCormack, D. H. (1988). Histología de HAM. (9a ed.). México : Harla.
590 _aDonación Cecilia Fontana, 2007
653 _aHistología y sus métodos de estudio
653 _aNúcleo de interfase
653 _aNúcleo de división
653 _aCitoplasma
653 _aDiferenciación y proliferación celulares
653 _aTejido epitelial
653 _aTejido conectivo laxo y tejido adiposo
653 _aCélulas hemáticas
653 _aTejido mieloide
653 _aTejido linfatico y sistema inmunitario
653 _aTendones, ligamentos y cartílago
653 _aHueso
653 _aArticulaciones
653 _aTejido nervioso y sistema nervioso
653 _aTejido muscular
653 _aSistema circulatorio
653 _aSistema integumentario
653 _aAparato digestivo
653 _aPáncreas, higado y vesículas
653 _aAparato respiratorio
653 _aAparato urinario
653 _aSistema endocrino
653 _aAparato reproductor de la mujer
653 _aAparato reproductor del varón
653 _aOjo y oído
930 _a1835
930 _a1834
942 _2ddc
_cBK
999 _c249
_d249